000 00519nam a2200205Ia 4500
003 OSt
005 20230908140614.0
008 230711s9999||||xx |||||||||||||| ||und||
020 _a9780000000000
040 _cMRSPTU
041 _aENG
082 _a5.1
_bRO-S
100 _aRoy, Samir
245 0 _aIntroduction to Soft Computing : Neuro-Fuzzy and Genetic Algorithms
260 _c2013
_aNew Delhi
_bPearson
300 _a588p.
650 _aComputer Engineering
700 _aChakraborty, Udit
942 _cBK
_2ddc
999 _c6306
_d6306